000 00962nam a2200217Ia 4500
999 _c39856
_d39856
001 6461
003 GE_BSU
005 20191004171756.0
008 181216s1945||||ge |||||||||||||| ||ge ||
040 _cGE_BSU
041 _ageo
080 _a821.353.1-311.6 ბ-45
100 _aბელიაშვილი, აკაკი
_94491
245 _aთავგადასავალი ბესიკ გაბაშვილისა :
_bრომანი /
_cაკაკი ბელიაშვილი ; რედ. ალ. ბარამიძე.
264 _aთბილისი :
_bსახელმწიფოგამომცემლობა ;
_c1945.
300 _a396 გვ.;
_c17 სმ.
653 _aთავგადასავალი ბესიკ გაბაშვილისა
653 _aრომანი
700 _aბარამიძე, ალ.
_eრედაქტორი
_94433
942 _cBK
_2udc